000 003740000a22001090004500
090 _aAS
_bSeriadas
245 1 0 _aEstudio anatómico y relaciones sistemáticas de Centrolene geckoideum (Salientia: Anura: centrolenidae)
041 0 _aEspañol
100 1 _aRueda, José Vicente
_999387
942 _cARTICULO
773 1 _tTrianea
_kActa Científica y Tecnológica
_h5
_q133-187
_d1994
999 _c16135
_d16135